Where Did They Sign From? - Manchester City Edition - Statistics

General Stats
  • This quiz has been taken 40 times
  • The average score is 10 of 15
Answer Stats
Player Club % Correct
Jack Grealish Aston Villa
94%
Erling Haaland Borussia Dortmund
94%
Kyle Walker Tottenham Hotspur
91%
Kalvin Phillips Leeds United
84%
Kevin de Bruyne Wolfsburg
84%
Nathan Ake AFC Bournemouth
81%
Sergio Aguero Atletico Madrid
78%
Yaya Toure FC Barcelona
75%
Bernardo Silva AS Monaco
72%
Julian Alvarez River Plate
69%
Ederson Benfica
63%
Vincent Kompany Hamburger SV
56%
Scott Carson Derby County
41%
Nicolas Otamendi Valencia
34%
Willy Caballero Malaga
13%
No matching quizzes found
Score Distribution
Percent of People with Each Score
Percentile by Number Answered
Your Score History
You have not taken this quiz